<?xml version="1.0" encoding="UTF-8"?>
<record
    xmlns:xsi="http://www.w3.org/2001/XMLSchema-instance"
    xsi:schemaLocation="http://www.loc.gov/MARC21/slim http://www.loc.gov/standards/marcxml/schema/MARC21slim.xsd"
    xmlns="http://www.loc.gov/MARC21/slim">

  <leader>01076nas a2200289 i 4500</leader>
  <controlfield tag="001">252400</controlfield>
  <controlfield tag="005">20260219115954.0</controlfield>
  <controlfield tag="007">ta</controlfield>
  <controlfield tag="008">890206e1997    dr    p|ro   ||   |ospa d|   | </controlfield>
  <datafield tag="011" ind1=" " ind2=" ">
    <subfield code="a">          </subfield>
  </datafield>
  <datafield tag="040" ind1=" " ind2=" ">
    <subfield code="a">DO-SdBNP</subfield>
    <subfield code="b">spa</subfield>
    <subfield code="c">BNPHU</subfield>
    <subfield code="e">rda</subfield>
  </datafield>
  <datafield tag="041" ind1=" " ind2=" ">
    <subfield code="h">spa</subfield>
  </datafield>
  <datafield tag="110" ind1=" " ind2=" ">
    <subfield code="a">Hoy (Rep&#xFA;blica Dominicana)</subfield>
    <subfield code="9">70838</subfield>
  </datafield>
  <datafield tag="245" ind1=" " ind2=" ">
    <subfield code="a">Acento Tur&#xED;stico /</subfield>
    <subfield code="c">Hoy. </subfield>
  </datafield>
  <datafield tag="264" ind1=" " ind2=" ">
    <subfield code="a">Santo Domingo, Rep&#xFA;blica Dominicana :</subfield>
    <subfield code="b">Editora Hoy, </subfield>
    <subfield code="c">1997.</subfield>
  </datafield>
  <datafield tag="300" ind1=" " ind2=" ">
    <subfield code="a">volumen : </subfield>
    <subfield code="b">ilustraciones, fotograf&#xED;as ; </subfield>
    <subfield code="c">35 cm.</subfield>
  </datafield>
  <datafield tag="310" ind1=" " ind2=" ">
    <subfield code="a">Desconocido.</subfield>
  </datafield>
  <datafield tag="336" ind1=" " ind2=" ">
    <subfield code="a">texto</subfield>
    <subfield code="b">txt </subfield>
    <subfield code="2">rdacontent </subfield>
  </datafield>
  <datafield tag="337" ind1=" " ind2=" ">
    <subfield code="a">sin mediaci&#xF3;n </subfield>
    <subfield code="b">n </subfield>
    <subfield code="2">rdacarrier</subfield>
  </datafield>
  <datafield tag="338" ind1=" " ind2=" ">
    <subfield code="a">volumen </subfield>
    <subfield code="b">nc </subfield>
    <subfield code="2">rdacarrier</subfield>
  </datafield>
  <datafield tag="362" ind1=" " ind2=" ">
    <subfield code="a">A&#xF1;o 1. N&#xFA;mero 1, julio 1997.</subfield>
  </datafield>
  <datafield tag="500" ind1=" " ind2=" ">
    <subfield code="a">Catalogaci&#xF3;n basada en:  A&#xF1;o 1. N&#xFA;mero 1, julio 1997.</subfield>
  </datafield>
  <datafield tag="650" ind1=" " ind2=" ">
    <subfield code="9">13439</subfield>
    <subfield code="a">Turismo</subfield>
    <subfield code="v">Publicaciones peri&#xF3;dicas</subfield>
    <subfield code="z">Rep&#xFA;blica Dominicana</subfield>
  </datafield>
  <datafield tag="650" ind1=" " ind2=" ">
    <subfield code="9">48040</subfield>
    <subfield code="a">Rep&#xFA;blica Dominicana</subfield>
    <subfield code="x">Aspectos sociales</subfield>
    <subfield code="v">Publicaciones peri&#xF3;dicas</subfield>
  </datafield>
  <datafield tag="650" ind1=" " ind2=" ">
    <subfield code="9">48048</subfield>
    <subfield code="a">Rep&#xFA;blica Dominicana</subfield>
    <subfield code="x">Aspectos culturales</subfield>
    <subfield code="v">Publicaciones peri&#xF3;dicas</subfield>
  </datafield>
  <datafield tag="942" ind1=" " ind2=" ">
    <subfield code="2">ddc</subfield>
    <subfield code="c">ISSUE</subfield>
  </datafield>
  <datafield tag="952" ind1=" " ind2=" ">
    <subfield code="0">0</subfield>
    <subfield code="1">0</subfield>
    <subfield code="2">ddc</subfield>
    <subfield code="4">0</subfield>
    <subfield code="5">6</subfield>
    <subfield code="7">0</subfield>
    <subfield code="8">SE</subfield>
    <subfield code="a">BNPHU</subfield>
    <subfield code="b">BNPHU</subfield>
    <subfield code="d">2026-02-19</subfield>
    <subfield code="h">A&#xF1;o 1. N&#xFA;mero 5, noviembre 1997</subfield>
    <subfield code="l">0</subfield>
    <subfield code="p">2026-1413</subfield>
    <subfield code="r">2026-02-19</subfield>
    <subfield code="t">e.1</subfield>
    <subfield code="w">2026-02-19</subfield>
    <subfield code="y">ISSUE</subfield>
    <subfield code="z">Rancho Cumayasa.</subfield>
  </datafield>
  <datafield tag="952" ind1=" " ind2=" ">
    <subfield code="0">0</subfield>
    <subfield code="1">0</subfield>
    <subfield code="2">ddc</subfield>
    <subfield code="4">0</subfield>
    <subfield code="5">6</subfield>
    <subfield code="7">0</subfield>
    <subfield code="8">SE</subfield>
    <subfield code="a">BNPHU</subfield>
    <subfield code="b">BNPHU</subfield>
    <subfield code="d">2026-02-19</subfield>
    <subfield code="h">Volumen 7, enero 1998</subfield>
    <subfield code="l">0</subfield>
    <subfield code="p">2026-1414</subfield>
    <subfield code="r">2026-02-19</subfield>
    <subfield code="t">e.1</subfield>
    <subfield code="w">2026-02-19</subfield>
    <subfield code="y">ISSUE</subfield>
    <subfield code="z">Playa Rinc&#xF3;n: un mundo aparte.</subfield>
  </datafield>
  <datafield tag="952" ind1=" " ind2=" ">
    <subfield code="0">0</subfield>
    <subfield code="1">0</subfield>
    <subfield code="2">ddc</subfield>
    <subfield code="4">0</subfield>
    <subfield code="5">6</subfield>
    <subfield code="7">0</subfield>
    <subfield code="8">SE</subfield>
    <subfield code="a">BNPHU</subfield>
    <subfield code="b">BNPHU</subfield>
    <subfield code="d">2026-02-19</subfield>
    <subfield code="h">Volumen 7, enero 1998</subfield>
    <subfield code="l">0</subfield>
    <subfield code="p">2026-1415</subfield>
    <subfield code="r">2026-02-19</subfield>
    <subfield code="t">e.2</subfield>
    <subfield code="w">2026-02-19</subfield>
    <subfield code="y">ISSUE</subfield>
    <subfield code="z">Playa Rinc&#xF3;n: un mundo aparte.</subfield>
  </datafield>
  <datafield tag="952" ind1=" " ind2=" ">
    <subfield code="0">0</subfield>
    <subfield code="1">0</subfield>
    <subfield code="2">ddc</subfield>
    <subfield code="4">0</subfield>
    <subfield code="5">6</subfield>
    <subfield code="7">0</subfield>
    <subfield code="8">SE</subfield>
    <subfield code="a">BNPHU</subfield>
    <subfield code="b">BNPHU</subfield>
    <subfield code="d">2026-02-19</subfield>
    <subfield code="h">Volumen 7, enero 1998</subfield>
    <subfield code="l">0</subfield>
    <subfield code="p">2026-1416</subfield>
    <subfield code="r">2026-02-19</subfield>
    <subfield code="t">e.3</subfield>
    <subfield code="w">2026-02-19</subfield>
    <subfield code="y">ISSUE</subfield>
    <subfield code="z">Playa Rinc&#xF3;n: un mundo aparte.</subfield>
  </datafield>
  <datafield tag="952" ind1=" " ind2=" ">
    <subfield code="0">0</subfield>
    <subfield code="1">0</subfield>
    <subfield code="2">ddc</subfield>
    <subfield code="4">0</subfield>
    <subfield code="5">6</subfield>
    <subfield code="7">0</subfield>
    <subfield code="8">SE</subfield>
    <subfield code="a">BNPHU</subfield>
    <subfield code="b">BNPHU</subfield>
    <subfield code="d">2026-02-19</subfield>
    <subfield code="h">A&#xF1;o 1. N&#xFA;mero 1, julio 1997</subfield>
    <subfield code="l">0</subfield>
    <subfield code="p">2026-1418</subfield>
    <subfield code="r">2026-02-19</subfield>
    <subfield code="t">e.1</subfield>
    <subfield code="w">2026-02-19</subfield>
    <subfield code="y">ISSUE</subfield>
    <subfield code="z">Descubrimiento: El Salto del Lim&#xF3;n.</subfield>
  </datafield>
  <datafield tag="952" ind1=" " ind2=" ">
    <subfield code="0">0</subfield>
    <subfield code="1">0</subfield>
    <subfield code="2">ddc</subfield>
    <subfield code="4">0</subfield>
    <subfield code="5">6</subfield>
    <subfield code="7">0</subfield>
    <subfield code="8">SE</subfield>
    <subfield code="a">BNPHU</subfield>
    <subfield code="b">BNPHU</subfield>
    <subfield code="d">2026-02-19</subfield>
    <subfield code="h">A&#xF1;o 1. N&#xFA;mero 1, julio 1997</subfield>
    <subfield code="l">0</subfield>
    <subfield code="p">2026-1419</subfield>
    <subfield code="r">2026-02-19</subfield>
    <subfield code="t">e.2</subfield>
    <subfield code="w">2026-02-19</subfield>
    <subfield code="y">ISSUE</subfield>
    <subfield code="z">Descubrimiento: El Salto del Lim&#xF3;n.</subfield>
  </datafield>
  <datafield tag="952" ind1=" " ind2=" ">
    <subfield code="0">0</subfield>
    <subfield code="1">0</subfield>
    <subfield code="2">ddc</subfield>
    <subfield code="4">0</subfield>
    <subfield code="5">6</subfield>
    <subfield code="7">0</subfield>
    <subfield code="8">SE</subfield>
    <subfield code="a">BNPHU</subfield>
    <subfield code="b">BNPHU</subfield>
    <subfield code="d">2026-02-19</subfield>
    <subfield code="h">Agosto 1997</subfield>
    <subfield code="l">0</subfield>
    <subfield code="p">2026-1420</subfield>
    <subfield code="r">2026-02-19</subfield>
    <subfield code="t">e.1</subfield>
    <subfield code="w">2026-02-19</subfield>
    <subfield code="y">ISSUE</subfield>
    <subfield code="z">Descubrimiento: Pueblo Viejo de Azua.</subfield>
  </datafield>
  <datafield tag="952" ind1=" " ind2=" ">
    <subfield code="0">0</subfield>
    <subfield code="1">0</subfield>
    <subfield code="2">ddc</subfield>
    <subfield code="4">0</subfield>
    <subfield code="5">6</subfield>
    <subfield code="7">0</subfield>
    <subfield code="8">SE</subfield>
    <subfield code="a">BNPHU</subfield>
    <subfield code="b">BNPHU</subfield>
    <subfield code="d">2026-02-19</subfield>
    <subfield code="h">Agosto 1997</subfield>
    <subfield code="l">0</subfield>
    <subfield code="p">2026-1421</subfield>
    <subfield code="r">2026-02-19</subfield>
    <subfield code="t">e.2</subfield>
    <subfield code="w">2026-02-19</subfield>
    <subfield code="y">ISSUE</subfield>
    <subfield code="z">Descubrimiento: Pueblo Viejo de Azua.</subfield>
  </datafield>
  <datafield tag="952" ind1=" " ind2=" ">
    <subfield code="0">0</subfield>
    <subfield code="1">0</subfield>
    <subfield code="2">ddc</subfield>
    <subfield code="4">0</subfield>
    <subfield code="5">6</subfield>
    <subfield code="7">0</subfield>
    <subfield code="8">SE</subfield>
    <subfield code="a">BNPHU</subfield>
    <subfield code="b">BNPHU</subfield>
    <subfield code="d">2026-02-19</subfield>
    <subfield code="h">A&#xF1;o 1. N&#xFA;mero 3, septiembre 1997</subfield>
    <subfield code="l">0</subfield>
    <subfield code="p">2026-1422</subfield>
    <subfield code="r">2026-02-19</subfield>
    <subfield code="t">e.1</subfield>
    <subfield code="w">2026-02-19</subfield>
    <subfield code="y">ISSUE</subfield>
    <subfield code="z">Descubrimiento: Montecristi, un fragmento de historia.</subfield>
  </datafield>
  <datafield tag="952" ind1=" " ind2=" ">
    <subfield code="0">0</subfield>
    <subfield code="1">0</subfield>
    <subfield code="2">ddc</subfield>
    <subfield code="4">0</subfield>
    <subfield code="5">6</subfield>
    <subfield code="7">0</subfield>
    <subfield code="8">SE</subfield>
    <subfield code="a">BNPHU</subfield>
    <subfield code="b">BNPHU</subfield>
    <subfield code="d">2026-02-19</subfield>
    <subfield code="h">A&#xF1;o 1. N&#xFA;mero 3, septiembre 1997</subfield>
    <subfield code="l">0</subfield>
    <subfield code="p">2026-1423</subfield>
    <subfield code="r">2026-02-19</subfield>
    <subfield code="t">e.2</subfield>
    <subfield code="w">2026-02-19</subfield>
    <subfield code="y">ISSUE</subfield>
    <subfield code="z">Descubrimiento: Montecristi, un fragmento de historia.</subfield>
  </datafield>
  <datafield tag="952" ind1=" " ind2=" ">
    <subfield code="0">0</subfield>
    <subfield code="1">0</subfield>
    <subfield code="2">ddc</subfield>
    <subfield code="4">0</subfield>
    <subfield code="5">6</subfield>
    <subfield code="7">0</subfield>
    <subfield code="8">SE</subfield>
    <subfield code="a">BNPHU</subfield>
    <subfield code="b">BNPHU</subfield>
    <subfield code="d">2026-02-19</subfield>
    <subfield code="h">A&#xF1;o 1. N&#xFA;mero 4, octubre 1997</subfield>
    <subfield code="l">0</subfield>
    <subfield code="p">2026-1424</subfield>
    <subfield code="r">2026-02-19</subfield>
    <subfield code="t">e.1</subfield>
    <subfield code="w">2026-02-19</subfield>
    <subfield code="y">ISSUE</subfield>
    <subfield code="z">El inicio de un turismo internacional.</subfield>
  </datafield>
  <datafield tag="952" ind1=" " ind2=" ">
    <subfield code="0">0</subfield>
    <subfield code="1">0</subfield>
    <subfield code="2">ddc</subfield>
    <subfield code="4">0</subfield>
    <subfield code="5">6</subfield>
    <subfield code="7">0</subfield>
    <subfield code="8">SE</subfield>
    <subfield code="a">BNPHU</subfield>
    <subfield code="b">BNPHU</subfield>
    <subfield code="d">2026-02-19</subfield>
    <subfield code="h">A&#xF1;o 1. N&#xFA;mero 4, octubre 1997</subfield>
    <subfield code="l">0</subfield>
    <subfield code="p">2026-1425</subfield>
    <subfield code="r">2026-02-19</subfield>
    <subfield code="t">e.2</subfield>
    <subfield code="w">2026-02-19</subfield>
    <subfield code="y">ISSUE</subfield>
    <subfield code="z">El inicio de un turismo internacional.</subfield>
  </datafield>
  <datafield tag="952" ind1=" " ind2=" ">
    <subfield code="0">0</subfield>
    <subfield code="1">0</subfield>
    <subfield code="2">ddc</subfield>
    <subfield code="4">0</subfield>
    <subfield code="5">6</subfield>
    <subfield code="7">0</subfield>
    <subfield code="8">SE</subfield>
    <subfield code="a">BNPHU</subfield>
    <subfield code="b">BNPHU</subfield>
    <subfield code="d">2026-02-19</subfield>
    <subfield code="h">A&#xF1;o 1. N&#xFA;mero 6, diciembre 1997</subfield>
    <subfield code="l">0</subfield>
    <subfield code="p">2026-1426</subfield>
    <subfield code="r">2026-02-19</subfield>
    <subfield code="t">e.1</subfield>
    <subfield code="w">2026-02-19</subfield>
    <subfield code="y">ISSUE</subfield>
    <subfield code="z">Navidad en las Agencias de Viaje.</subfield>
  </datafield>
  <datafield tag="952" ind1=" " ind2=" ">
    <subfield code="0">0</subfield>
    <subfield code="1">0</subfield>
    <subfield code="2">ddc</subfield>
    <subfield code="4">0</subfield>
    <subfield code="5">6</subfield>
    <subfield code="7">0</subfield>
    <subfield code="8">SE</subfield>
    <subfield code="a">BNPHU</subfield>
    <subfield code="b">BNPHU</subfield>
    <subfield code="d">2026-02-19</subfield>
    <subfield code="h">A&#xF1;o 1. N&#xFA;mero 6, diciembre 1997</subfield>
    <subfield code="l">0</subfield>
    <subfield code="p">2026-1427</subfield>
    <subfield code="r">2026-02-19</subfield>
    <subfield code="t">e.2</subfield>
    <subfield code="w">2026-02-19</subfield>
    <subfield code="y">ISSUE</subfield>
    <subfield code="z">Navidad en las Agencias de Viaje.</subfield>
  </datafield>
  <datafield tag="952" ind1=" " ind2=" ">
    <subfield code="0">0</subfield>
    <subfield code="1">0</subfield>
    <subfield code="2">ddc</subfield>
    <subfield code="4">0</subfield>
    <subfield code="5">6</subfield>
    <subfield code="7">0</subfield>
    <subfield code="8">SE</subfield>
    <subfield code="a">BNPHU</subfield>
    <subfield code="b">BNPHU</subfield>
    <subfield code="d">2026-02-19</subfield>
    <subfield code="h">Febrero 1998</subfield>
    <subfield code="l">0</subfield>
    <subfield code="p">2026-1428</subfield>
    <subfield code="r">2026-02-19</subfield>
    <subfield code="t">e.1</subfield>
    <subfield code="w">2026-02-19</subfield>
    <subfield code="y">ISSUE</subfield>
    <subfield code="z">Carnaval, la gran fiesta de febrero.</subfield>
  </datafield>
  <datafield tag="952" ind1=" " ind2=" ">
    <subfield code="0">0</subfield>
    <subfield code="1">0</subfield>
    <subfield code="2">ddc</subfield>
    <subfield code="4">0</subfield>
    <subfield code="5">6</subfield>
    <subfield code="7">0</subfield>
    <subfield code="8">SE</subfield>
    <subfield code="a">BNPHU</subfield>
    <subfield code="b">BNPHU</subfield>
    <subfield code="d">2026-02-19</subfield>
    <subfield code="h">Febrero 1998</subfield>
    <subfield code="l">0</subfield>
    <subfield code="p">2026-1429</subfield>
    <subfield code="r">2026-02-19</subfield>
    <subfield code="t">e.2</subfield>
    <subfield code="w">2026-02-19</subfield>
    <subfield code="y">ISSUE</subfield>
    <subfield code="z">Carnaval, la gran fiesta de febrero.</subfield>
  </datafield>
  <datafield tag="952" ind1=" " ind2=" ">
    <subfield code="0">0</subfield>
    <subfield code="1">0</subfield>
    <subfield code="2">ddc</subfield>
    <subfield code="4">0</subfield>
    <subfield code="5">6</subfield>
    <subfield code="7">0</subfield>
    <subfield code="8">SE</subfield>
    <subfield code="a">BNPHU</subfield>
    <subfield code="b">BNPHU</subfield>
    <subfield code="d">2026-02-19</subfield>
    <subfield code="h">Marzo 1998</subfield>
    <subfield code="l">0</subfield>
    <subfield code="p">2026-1430</subfield>
    <subfield code="r">2026-02-19</subfield>
    <subfield code="t">e.1</subfield>
    <subfield code="w">2026-02-19</subfield>
    <subfield code="y">ISSUE</subfield>
    <subfield code="z">Bayahibe, de la pesca al Desarrollo Tur&#xED;stico.</subfield>
  </datafield>
  <datafield tag="952" ind1=" " ind2=" ">
    <subfield code="0">0</subfield>
    <subfield code="1">0</subfield>
    <subfield code="2">ddc</subfield>
    <subfield code="4">0</subfield>
    <subfield code="5">6</subfield>
    <subfield code="7">0</subfield>
    <subfield code="8">SE</subfield>
    <subfield code="a">BNPHU</subfield>
    <subfield code="b">BNPHU</subfield>
    <subfield code="d">2026-02-19</subfield>
    <subfield code="h">Marzo 1998</subfield>
    <subfield code="l">0</subfield>
    <subfield code="p">2026-1431</subfield>
    <subfield code="r">2026-02-19</subfield>
    <subfield code="t">e.2</subfield>
    <subfield code="w">2026-02-19</subfield>
    <subfield code="y">ISSUE</subfield>
    <subfield code="z">Bayahibe, de la pesca al Desarrollo Tur&#xED;stico.</subfield>
  </datafield>
  <datafield tag="952" ind1=" " ind2=" ">
    <subfield code="0">0</subfield>
    <subfield code="1">0</subfield>
    <subfield code="2">ddc</subfield>
    <subfield code="4">0</subfield>
    <subfield code="5">6</subfield>
    <subfield code="7">0</subfield>
    <subfield code="8">SE</subfield>
    <subfield code="a">BNPHU</subfield>
    <subfield code="b">BNPHU</subfield>
    <subfield code="d">2026-02-19</subfield>
    <subfield code="h">Abril 1998</subfield>
    <subfield code="l">0</subfield>
    <subfield code="p">2026-1432</subfield>
    <subfield code="r">2026-02-19</subfield>
    <subfield code="t">e.1</subfield>
    <subfield code="w">2026-02-19</subfield>
    <subfield code="y">ISSUE</subfield>
    <subfield code="z">Abril, un mes de tentaciones.</subfield>
  </datafield>
  <datafield tag="952" ind1=" " ind2=" ">
    <subfield code="0">0</subfield>
    <subfield code="1">0</subfield>
    <subfield code="2">ddc</subfield>
    <subfield code="4">0</subfield>
    <subfield code="5">6</subfield>
    <subfield code="7">0</subfield>
    <subfield code="8">SE</subfield>
    <subfield code="a">BNPHU</subfield>
    <subfield code="b">BNPHU</subfield>
    <subfield code="d">2026-02-19</subfield>
    <subfield code="h">Abril 1998</subfield>
    <subfield code="l">0</subfield>
    <subfield code="p">2026-1433</subfield>
    <subfield code="r">2026-02-19</subfield>
    <subfield code="t">e.2</subfield>
    <subfield code="w">2026-02-19</subfield>
    <subfield code="y">ISSUE</subfield>
    <subfield code="z">Abril, un mes de tentaciones.</subfield>
  </datafield>
  <datafield tag="952" ind1=" " ind2=" ">
    <subfield code="0">0</subfield>
    <subfield code="1">0</subfield>
    <subfield code="2">ddc</subfield>
    <subfield code="4">0</subfield>
    <subfield code="5">6</subfield>
    <subfield code="7">0</subfield>
    <subfield code="8">SE</subfield>
    <subfield code="a">BNPHU</subfield>
    <subfield code="b">BNPHU</subfield>
    <subfield code="d">2026-02-19</subfield>
    <subfield code="h">Mayo 1998</subfield>
    <subfield code="l">0</subfield>
    <subfield code="p">2026-1434</subfield>
    <subfield code="r">2026-02-19</subfield>
    <subfield code="t">e.1</subfield>
    <subfield code="w">2026-02-19</subfield>
    <subfield code="y">ISSUE</subfield>
    <subfield code="z">Santo Domingo, Puerta de Las Am&#xE9;ricas.</subfield>
  </datafield>
  <datafield tag="952" ind1=" " ind2=" ">
    <subfield code="0">0</subfield>
    <subfield code="1">0</subfield>
    <subfield code="2">ddc</subfield>
    <subfield code="4">0</subfield>
    <subfield code="5">6</subfield>
    <subfield code="7">0</subfield>
    <subfield code="8">SE</subfield>
    <subfield code="a">BNPHU</subfield>
    <subfield code="b">BNPHU</subfield>
    <subfield code="d">2026-02-19</subfield>
    <subfield code="h">Mayo 1998</subfield>
    <subfield code="l">0</subfield>
    <subfield code="p">2026-1435</subfield>
    <subfield code="r">2026-02-19</subfield>
    <subfield code="t">e.2</subfield>
    <subfield code="w">2026-02-19</subfield>
    <subfield code="y">ISSUE</subfield>
    <subfield code="z">Santo Domingo, Puerta de Las Am&#xE9;ricas.</subfield>
  </datafield>
  <datafield tag="952" ind1=" " ind2=" ">
    <subfield code="0">0</subfield>
    <subfield code="1">0</subfield>
    <subfield code="2">ddc</subfield>
    <subfield code="4">0</subfield>
    <subfield code="5">6</subfield>
    <subfield code="7">0</subfield>
    <subfield code="8">SE</subfield>
    <subfield code="a">BNPHU</subfield>
    <subfield code="b">BNPHU</subfield>
    <subfield code="d">2026-02-19</subfield>
    <subfield code="h">Junio 1998</subfield>
    <subfield code="l">0</subfield>
    <subfield code="p">2026-1436</subfield>
    <subfield code="r">2026-02-19</subfield>
    <subfield code="t">e.1</subfield>
    <subfield code="w">2026-02-19</subfield>
    <subfield code="y">ISSUE</subfield>
    <subfield code="z">Cer&#xE1;mica Ta&#xED;na.</subfield>
  </datafield>
  <datafield tag="952" ind1=" " ind2=" ">
    <subfield code="0">0</subfield>
    <subfield code="1">0</subfield>
    <subfield code="2">ddc</subfield>
    <subfield code="4">0</subfield>
    <subfield code="5">6</subfield>
    <subfield code="7">0</subfield>
    <subfield code="8">SE</subfield>
    <subfield code="a">BNPHU</subfield>
    <subfield code="b">BNPHU</subfield>
    <subfield code="d">2026-02-19</subfield>
    <subfield code="h">Junio 1998</subfield>
    <subfield code="l">0</subfield>
    <subfield code="p">2026-1437</subfield>
    <subfield code="r">2026-02-19</subfield>
    <subfield code="t">e.2</subfield>
    <subfield code="w">2026-02-19</subfield>
    <subfield code="y">ISSUE</subfield>
    <subfield code="z">Cer&#xE1;mica Ta&#xED;na.</subfield>
  </datafield>
  <datafield tag="952" ind1=" " ind2=" ">
    <subfield code="0">0</subfield>
    <subfield code="1">0</subfield>
    <subfield code="2">ddc</subfield>
    <subfield code="4">0</subfield>
    <subfield code="5">6</subfield>
    <subfield code="7">0</subfield>
    <subfield code="8">SE</subfield>
    <subfield code="a">BNPHU</subfield>
    <subfield code="b">BNPHU</subfield>
    <subfield code="d">2026-02-19</subfield>
    <subfield code="h">A&#xF1;o 1. N&#xFA;mero 5, noviembre 1997</subfield>
    <subfield code="l">0</subfield>
    <subfield code="p">2026-1438</subfield>
    <subfield code="r">2026-02-19</subfield>
    <subfield code="t">e.2</subfield>
    <subfield code="w">2026-02-19</subfield>
    <subfield code="y">ISSUE</subfield>
    <subfield code="z">Rancho Cumayasa.</subfield>
  </datafield>
  <datafield tag="999" ind1=" " ind2=" ">
    <subfield code="c">60374</subfield>
    <subfield code="d">60374</subfield>
  </datafield>
</record>
